| 000 | 00518nam a2200169Ia 4500 | ||
|---|---|---|---|
| 003 | 1234 | ||
| 005 | 20251028012026.0 | ||
| 008 | 200911s9999 xx 000 0 und d | ||
| 020 | _a978-971-98-0932-6 | ||
| 100 | _aTorres, Jose Victor | ||
| 245 |
_cJose Victor Torres _aBatis: _bsources in Philippine history/ |
||
| 260 |
_aQuezon City: _bC and E Publishing, Inc. _c2018 |
||
| 300 |
_aix, 231 pages _c22 cm. |
||
| 650 | _aPhilippines -- History | ||
| 650 | _aPhilippines -- politics and government | ||
| 942 |
_2lcc _cBK |
||
| 999 |
_c364184 _d364184 |
||